000
00251nam a2200097Ia 4500
008
240331s9999 xx 000 0 und d
082
_b
WOM
100
_a
Tambiah,Y. ed
245
0
_a
Women and governance in south Asia :
_b
re-imagining the state
942
_c
L
999
_c
3490
_d
3490